Phonetic Spelling to English - Statistics

General Stats
  • This quiz has been taken 123 times
  • The average score is 11 of 16
Answer Stats
Hint Answer % Correct
frɛnd Friend
97%
ˈfluːɪd Fluid
90%
kæt Cat
88%
dreɪn Drain
88%
fuːd Food
82%
ðɪs This
76%
kɒf Cough
71%
skaʊt Scout
70%
ˈbɛtə Better
69%
wɔːkɪŋ Walking
67%
əˈlaʊ Allow
62%
wɒlɪt Wallet
61%
raɪm Rhyme
58%
ʃʊd Should
58%
trajp Tripe
33%
lajs Lice
31%
No matching quizzes found
Score Distribution
Percent of People with Each Score
Percentile by Number Answered
Your Score History
You have not taken this quiz